| 000 | 00640cam a2200157ua 4500 | ||
|---|---|---|---|
| 041 |
_amal _h |
||
| 082 |
_a894.8121 _bKER/EZ |
||
| 110 | 1 |
_aKerala Sahitya Akademi . _b _c() |
|
| 245 |
_aEzhuthachante Ratnangal / _cKerala Sahitya Akademi. _hTextual Documents |
||
| 250 |
_a2 / _b. |
||
| 260 |
_a : _bKerala Sahitya Akademi , _c1960. |
||
| 300 | _a360 ; . | ||
| 504 | _a | ||
| 942 | _cBK | ||
| 999 |
_c4002 _d4002 |
||